000 00690nam a2200217Ii 4500
001 8569
003 CO-ViMGA
008 241108s9999||||xx |||||||||||||| ||und||
020 _a9589129072
040 _aCO-ViMGA
_bspa
_erda
_cCO-ViMGA
041 0 _aspa
082 0 4 _a325.3 M651e
100 1 _aAlfredo Molano
_944511
245 1 0 _aLa colonización de la Reserva de la Macarena :
_bYo le digo una de las cosas...
264 1 _aBogotá, Colombia : Presencia, [Fecha de publicación no identificada]
300 _avolumen
336 _atext
_btxt
_2rdacontent
337 _aunmediated
_bn
_2rdamedia
338 _avolume
_bnc
_2rdacarrier
940 _aidficha_siabuc: 8373. -- ficha_no_siabuc:8569
999 _c38969
_d38969